Language Quiz

Random Language or Letter Quiz

The Only Letter II Quiz Stats

Quiz Updated Oct 22, 2014

Also try: The Only Letter
Challenge
Share
Tweet
Embed
Score 0/26 Timer 01:30
21 Plays Today
% Correct
I
90.9%
Z
90.6%
G
90.1%
F
90.1%
P
87.6%
L
86.7%
H
85.5%
M
82%
Q
81.8%
R
81.6%
C
79.1%
W
77.5%
A
77.1%
% Correct
D
75.5%
B
75%
K
74%
S
73.1%
T
69.1%
Y
68.4%
U
65.8%
N
65.5%
X
65.2%
E
56%
O
52.8%
V
46.8%
J
45.8%

You're not logged in!

Compare scores with friends on all Sporcle quizzes.
Sign Up with Email
OR
Log In

You Might Also Like...

Show Comments

Extras

Top Quizzes Today


Score Distribution

Your Account Isn't Verified!

In order to create a playlist on Sporcle, you need to verify the email address you used during registration. Go to your Sporcle Settings to finish the process.